<?xml version="1.0" encoding="UTF-8"?>
<record
    xmlns:xsi="http://www.w3.org/2001/XMLSchema-instance"
    xsi:schemaLocation="http://www.loc.gov/MARC21/slim http://www.loc.gov/standards/marcxml/schema/MARC21slim.xsd"
    xmlns="http://www.loc.gov/MARC21/slim">

  <leader>01529nam a22002177a 4500</leader>
  <controlfield tag="005">20230103091925.0</controlfield>
  <controlfield tag="008">230103b           ||||| |||| 00| 0 eng d</controlfield>
  <datafield tag="040" ind1=" " ind2=" ">
    <subfield code="c">AL</subfield>
  </datafield>
  <datafield tag="041" ind1=" " ind2=" ">
    <subfield code="a">eng</subfield>
  </datafield>
  <datafield tag="082" ind1=" " ind2=" ">
    <subfield code="2">23</subfield>
    <subfield code="a">363.2</subfield>
    <subfield code="b">MAAS</subfield>
  </datafield>
  <datafield tag="100" ind1=" " ind2=" ">
    <subfield code="a">Peter Maas</subfield>
    <subfield code="9">68139</subfield>
  </datafield>
  <datafield tag="245" ind1=" " ind2=" ">
    <subfield code="a">Serpico</subfield>
  </datafield>
  <datafield tag="260" ind1=" " ind2=" ">
    <subfield code="a">23</subfield>
    <subfield code="b">363.2</subfield>
    <subfield code="c">MAAS</subfield>
  </datafield>
  <datafield tag="300" ind1=" " ind2=" ">
    <subfield code="a">313p.</subfield>
    <subfield code="b">PB</subfield>
    <subfield code="c">18x10cm.</subfield>
  </datafield>
  <datafield tag="365" ind1=" " ind2=" ">
    <subfield code="2">English</subfield>
  </datafield>
  <datafield tag="520" ind1=" " ind2=" ">
    <subfield code="a">THE CLASSIC TRUE STORY OF THE COP WHO COULDN'T BE BOUGHT
"I don't think anyone can come away from Serpico without admiration for one man's lonely integrity." &#x2014;New York Times
With an Afterword by Frank Serpico
The 1960s was a time of social and generational upheaval felt with particular intensity in the melting pot of New York City. A culture of corruption pervaded the New York Police Department, where payoffs, protection, and shakedowns of gambling rackets and drug dealers were common practice. The so-called blue code of silence protected the minority of crooked cops from the sanction of the majority.
Into this maelstrom came a working class, Brooklyn-born, Italian cop with long hair, a beard, and a taste for opera and ballet. Frank Serpico was a man who couldn't be silenced&#x2014;or bought&#x2014;and he refused to go along with the system. He had sworn an oath to uphold the law, even if the perpetrators happened to be other cops. For this unwavering commitment to justice, Serpico nearly paid with his life.</subfield>
  </datafield>
  <datafield tag="650" ind1=" " ind2=" ">
    <subfield code="a">Police Corruption</subfield>
    <subfield code="9">68140</subfield>
  </datafield>
  <datafield tag="650" ind1=" " ind2=" ">
    <subfield code="a">New York</subfield>
    <subfield code="9">68141</subfield>
  </datafield>
  <datafield tag="700" ind1=" " ind2=" ">
    <subfield code="a">MAAS (Peter)</subfield>
    <subfield code="9">68142</subfield>
  </datafield>
  <datafield tag="942" ind1=" " ind2=" ">
    <subfield code="2">ddc</subfield>
    <subfield code="c">DB</subfield>
  </datafield>
  <datafield tag="999" ind1=" " ind2=" ">
    <subfield code="c">226165</subfield>
    <subfield code="d">226165</subfield>
  </datafield>
  <datafield tag="952" ind1=" " ind2=" ">
    <subfield code="0">0</subfield>
    <subfield code="1">0</subfield>
    <subfield code="2">ddc</subfield>
    <subfield code="4">0</subfield>
    <subfield code="7">0</subfield>
    <subfield code="8">OTH</subfield>
    <subfield code="a">AL</subfield>
    <subfield code="b">AL</subfield>
    <subfield code="d">2014-12-10</subfield>
    <subfield code="l">0</subfield>
    <subfield code="o">363.2 MAAS</subfield>
    <subfield code="p">D05552</subfield>
    <subfield code="r">2023-01-03 00:00:00</subfield>
    <subfield code="w">2023-01-03</subfield>
    <subfield code="y">DB</subfield>
    <subfield code="z">Donated by V. T. Rajshekar</subfield>
  </datafield>
</record>
